Revision in Sciences Basic to Opthalmology. (Record no. 5510)

MARC details
000 -LEADER
fixed length control field 00527nam a22001937a 4500
003 - CONTROL NUMBER IDENTIFIER
control field OSt
005 - DATE AND TIME OF LATEST TRANSACTION
control field 20170206182442.0
008 - FIXED-LENGTH DATA ELEMENTS--GENERAL INFORMATION
fixed length control field 170206b xxu||||| |||| 00| 0 eng d
020 ## - INTERNATIONAL STANDARD BOOK NUMBER
International Standard Book Number 0340676787
040 ## - CATALOGING SOURCE
Transcribing agency DNLM
082 ## - DEWEY DECIMAL CLASSIFICATION NUMBER
Classification number WW100 M2938 1998
100 ## - MAIN ENTRY--PERSONAL NAME
Personal name Malhotra,Raman;Easty,David;
9 (RLIN) 11497
245 ## - TITLE STATEMENT
Title Revision in Sciences Basic to Opthalmology.
260 ## - PUBLICATION, DISTRIBUTION, ETC. (IMPRINT)
Place of publication, distribution, etc. New York.
Name of publisher, distributor, etc. Anold.
Date of publication, distribution, etc. 1998.
300 ## - PHYSICAL DESCRIPTION
Extent xi,243p;
Other physical details ill;
Dimensions 24cm.
504 ## - BIBLIOGRAPHY, ETC. NOTE
Bibliography, etc Bibliography and index.
650 ## - SUBJECT ADDED ENTRY--TOPICAL TERM
Topical term or geographic name as entry element Opthtalmology.
9 (RLIN) 11498
942 ## - ADDED ENTRY ELEMENTS (KOHA)
Source of classification or shelving scheme Other/Generic Classification Scheme
Koha item type Open Shelf
Holdings
Withdrawn status Lost status Source of classification or shelving scheme Damaged status Not for loan Home library Current library Date acquired Source of acquisition Inventory number Total Checkouts Full call number Barcode Date last seen Date last checked out Price effective from Koha item type
    Other/Generic Classification Scheme     MUST Main Library MUST Main Library 06/02/2017   03/20510 1 WW100 M2938 1998 2017-0108 03/05/2017 06/02/2017 06/02/2017 Open Shelf